Loajalita zákazníků a její řízení

Podstata a meranie lojálnosti zákazníkov. Vzťah medzi spokojnosťou zákazníkov, mierou ich zotrvania pri podniku a ochotou odporučiť podnik iným zákazníkom. Riadenie lojálnosti zákazníkov pomocou diferencovaného CRM. Získavanie nových zákazníkov. Spokojnosť zákazníka ako hnacia sila ziskovosti podnik...

Descrizione completa

Salvato in:
Dettagli Bibliografici
Autore principale: Lošťáková, Hana
Natura: Capitolo di libro
Lingua:ceco
Soggetti:
Tags: Aggiungi Tag
Nessun Tag, puoi essere il primo ad aggiungerne!!

MARC

LEADER 00000naa$a2200000$$$4500
001 0050770
005 20231114075549.5
041 0 |a cze 
044 |a CZ 
245 1 0 |a Loajalita zákazníků a její řízení  |c Hana Lošťáková 
520 |a Podstata a meranie lojálnosti zákazníkov. Vzťah medzi spokojnosťou zákazníkov, mierou ich zotrvania pri podniku a ochotou odporučiť podnik iným zákazníkom. Riadenie lojálnosti zákazníkov pomocou diferencovaného CRM. Získavanie nových zákazníkov. Spokojnosť zákazníka ako hnacia sila ziskovosti podniku. 
610 2 0 |a podnik 
610 2 0 |a zákazníci 
610 2 0 |a lojálnosť zákazníkov 
610 2 0 |a riadenie 
610 2 0 |a riadenie vzťahov so zákazníkmi 
100 1 |a Lošťáková, Hana